| 000 | 00541nam a2200169 a 4500 | ||
|---|---|---|---|
| 001 | 000046516 | ||
| 005 | 20221102093910.0 | ||
| 008 | 150821s2015 dr 000 0 spa d | ||
| 020 | _a9789945423327 | ||
| 040 |
_aDO-SdBNP _bspa _cBNPHU |
||
| 082 |
_aXXX _bxxxx |
||
| 245 | 0 | 0 | _aSanta Teresa de Jesús y el misticismo español /. |
| 260 |
_aSanto Domingo : _bUNAPEC, _c2015. |
||
| 300 |
_a108 p. : _bil. ; _c24 cm. |
||
| 500 | _aPanel celebrado con motivo de las semanas de España en República Dominicana | ||
| 710 | 2 |
_aUniversidad APEC _930673 |
|
| 999 |
_c46005 _d46005 |
||